000
00319nam a22001457a 4500
008
221205b ||||| |||| 00| 0 eng d
020
_a
9780134654409
041
_a
eng
080
_a
51
082
_a
51GAY
100
_a
20.1
101
_a
MATHE
245
_a
PATH TO COLLEGE MATHEMATICS
_c
GAY M E
942
_2
udc
_c
BK
999
_c
59093
_d
59093